00673cam a2200217 a 450000100060000000300080000600500170001400800390003103500190007004000320008904100080012108200290012910000360015824500620019426000360025630000280029250400510032065000270037165100300039865100270042826316BD-RjUL20211209051011.0140322s1958 ii b 001 0 eng a(BD-RjUL)26386 aDLCcDLCdDLCdBD-RjULbeng aeng00a954.004948219bSEM 19581 aSen, Surendra Nath,d1890-1962.14aThe military system of the Marathas /cSurendra Nath Sen. aCalcutta :bK.P. Bagchi,c1958. axviii, 266 p. ;c22 cm. aIncludes Bibliography: p. [243]-250 and index. 0aMaratha (Indic people) 0aIndiaxHistory, Military. 0aIndiaxHistory, Naval.